<?xml version="1.0" encoding="UTF-8"?>
<record
    xmlns:xsi="http://www.w3.org/2001/XMLSchema-instance"
    xsi:schemaLocation="http://www.loc.gov/MARC21/slim http://www.loc.gov/standards/marcxml/schema/MARC21slim.xsd"
    xmlns="http://www.loc.gov/MARC21/slim">

  <leader>01617nam a22002897a 4500</leader>
  <controlfield tag="008">100808t1993    xxu||||| |||| 00| 0 ara d</controlfield>
  <datafield tag="082" ind1=" " ind2=" ">
    <subfield code="2">22</subfield>
    <subfield code="b">&#x634; &#x627; &#x645;</subfield>
    <subfield code="a">214.2</subfield>
  </datafield>
  <datafield tag="100" ind1="1" ind2=" ">
    <subfield code="9">17268</subfield>
    <subfield code="a">&#x634;&#x627;&#x645;&#x629;&#x60C; &#x645;&#x62D;&#x645;&#x62F;</subfield>
  </datafield>
  <datafield tag="245" ind1=" " ind2=" ">
    <subfield code="a">&#x639;&#x642;&#x627;&#x626;&#x62F; &#x648;&#x62A;&#x64A;&#x627;&#x631;&#x627;&#x62A; &#x641;&#x643;&#x631;&#x64A;&#x629; &#x645;&#x639;&#x627;&#x635;&#x631;&#x629; /</subfield>
    <subfield code="c">&#x645;&#x62D;&#x645;&#x62F; &#x634;&#x627;&#x645;&#x629;&#x60C; &#x639;&#x62F;&#x646;&#x627;&#x646; &#x632;&#x631;&#x632;&#x648;&#x631;&#x60C; &#x645;&#x62D;&#x645;&#x62F; &#x627;&#x644;&#x62C;&#x644;&#x64A;&#x646;&#x62F;&#x60C; &#x628;&#x643;&#x631; &#x632;&#x643;&#x64A; &#x639;&#x648;&#x636;.</subfield>
  </datafield>
  <datafield tag="260" ind1=" " ind2=" ">
    <subfield code="a">&#x642;&#x637;&#x631; :</subfield>
    <subfield code="b">&#x62F;&#x627;&#x631; &#x642;&#x637;&#x631;&#x64A; &#x628;&#x646; &#x627;&#x644;&#x641;&#x62C;&#x627;&#x621;&#x629; &#x60C;</subfield>
    <subfield code="c">1993.</subfield>
  </datafield>
  <datafield tag="300" ind1=" " ind2=" ">
    <subfield code="a">395 &#x635; :</subfield>
    <subfield code="c">24 &#x633;&#x645;.</subfield>
  </datafield>
  <datafield tag="504" ind1=" " ind2=" ">
    <subfield code="a">&#x64A;&#x62D;&#x62A;&#x648;&#x64A; &#x639;&#x644;&#x64A; &#x627;&#x631;&#x62C;&#x627;&#x639;&#x627;&#x62A; &#x628;&#x628;&#x644;&#x64A;&#x648;&#x62C;&#x631;&#x627;&#x641;&#x64A;&#x629;</subfield>
  </datafield>
  <datafield tag="541" ind1=" " ind2=" ">
    <subfield code="a">&#x623;&#x644;&#x641; &#x628;&#x627;&#x621; &#x61B;</subfield>
    <subfield code="c">&#x634;&#x631;&#x627;&#x621; &#x61B;</subfield>
  </datafield>
  <datafield tag="650" ind1="0" ind2=" ">
    <subfield code="9">17274</subfield>
    <subfield code="a">&#x627;&#x644;&#x625;&#x633;&#x644;&#x627;&#x645; &#x648;&#x627;&#x644;&#x62F;&#x64A;&#x627;&#x646;&#x627;&#x62A; &#x627;&#x644;&#x623;&#x62E;&#x631;&#x649;</subfield>
  </datafield>
  <datafield tag="650" ind1="0" ind2=" ">
    <subfield code="9">11306</subfield>
    <subfield code="a">&#x627;&#x644;&#x625;&#x633;&#x644;&#x627;&#x645; &#x648;&#x627;&#x644;&#x645;&#x633;&#x64A;&#x62D;&#x64A;&#x629;</subfield>
  </datafield>
  <datafield tag="650" ind1="0" ind2=" ">
    <subfield code="9">16855</subfield>
    <subfield code="a">&#x627;&#x644;&#x625;&#x633;&#x644;&#x627;&#x645; &#x648; &#x627;&#x644;&#x64A;&#x647;&#x648;&#x62F;&#x64A;&#x629; </subfield>
  </datafield>
  <datafield tag="650" ind1="0" ind2=" ">
    <subfield code="9">8615</subfield>
    <subfield code="a">&#x627;&#x644;&#x642;&#x648;&#x645;&#x64A;&#x629; &#x627;&#x644;&#x639;&#x631;&#x628;&#x64A;&#x629;.</subfield>
  </datafield>
  <datafield tag="650" ind1="0" ind2=" ">
    <subfield code="9">8609</subfield>
    <subfield code="a">&#x627;&#x644;&#x639;&#x644;&#x645;&#x627;&#x646;&#x64A;&#x629;</subfield>
  </datafield>
  <datafield tag="650" ind1="0" ind2=" ">
    <subfield code="9">13590</subfield>
    <subfield code="a">&#x627;&#x644;&#x634;&#x64A;&#x648;&#x639;&#x64A;&#x629;</subfield>
  </datafield>
  <datafield tag="700" ind1="1" ind2=" ">
    <subfield code="9">17269</subfield>
    <subfield code="a">&#x632;&#x631;&#x632;&#x648;&#x631;&#x60C; &#x639;&#x62F;&#x646;&#x627;&#x646;</subfield>
    <subfield code="e">&#x645;&#x624;&#x644;&#x641;</subfield>
  </datafield>
  <datafield tag="700" ind1="1" ind2=" ">
    <subfield code="9">17270</subfield>
    <subfield code="a">&#x627;&#x644;&#x62C;&#x644;&#x64A;&#x646;&#x62F;&#x60C; &#x645;&#x62D;&#x645;&#x62F;</subfield>
    <subfield code="e">&#x645;&#x624;&#x644;&#x641;</subfield>
  </datafield>
  <datafield tag="700" ind1="1" ind2=" ">
    <subfield code="9">17271</subfield>
    <subfield code="a">&#x639;&#x648;&#x636;&#x60C; &#x628;&#x643;&#x631; &#x632;&#x643;&#x64A;</subfield>
    <subfield code="e">&#x645;&#x624;&#x644;&#x641;</subfield>
  </datafield>
  <datafield tag="710" ind1=" " ind2=" ">
    <subfield code="9">17272</subfield>
    <subfield code="a">&#x62C;&#x627;&#x645;&#x639;&#x629; &#x642;&#x637;&#x631;</subfield>
    <subfield code="b">&#x643;&#x644;&#x64A;&#x629; &#x627;&#x644;&#x634;&#x631;&#x64A;&#x639;&#x629; &#x648;&#x627;&#x644;&#x62F;&#x631;&#x627;&#x633;&#x627;&#x62A; &#x627;&#x644;&#x625;&#x633;&#x644;&#x627;&#x645;&#x64A;&#x629;|&#x642;&#x633;&#x645; &#x627;&#x644;&#x62F;&#x639;&#x648;&#x629; &#x648;&#x627;&#x644;&#x62B;&#x642;&#x627;&#x641;&#x629; &#x627;&#x644;&#x625;&#x633;&#x644;&#x627;&#x645;&#x64A;&#x629;</subfield>
    <subfield code="c">&#x627;&#x644;&#x62F;&#x648;&#x62D;&#x629;</subfield>
  </datafield>
  <datafield tag="942" ind1=" " ind2=" ">
    <subfield code="2">ddc</subfield>
    <subfield code="c">BB</subfield>
  </datafield>
  <datafield tag="999" ind1=" " ind2=" ">
    <subfield code="c">14644</subfield>
    <subfield code="d">14644</subfield>
  </datafield>
  <datafield tag="952" ind1=" " ind2=" ">
    <subfield code="0">0</subfield>
    <subfield code="1">0</subfield>
    <subfield code="2">ddc</subfield>
    <subfield code="4">0</subfield>
    <subfield code="7">0</subfield>
    <subfield code="8">Alef-Baa</subfield>
    <subfield code="a">MAIN</subfield>
    <subfield code="b">MAIN</subfield>
    <subfield code="c">LOW</subfield>
    <subfield code="d">2010-08-08</subfield>
    <subfield code="e">purchase</subfield>
    <subfield code="o">214.2 &#x634; &#x627; &#x645;</subfield>
    <subfield code="p">000021502</subfield>
    <subfield code="r">2025-07-15 00:00:00</subfield>
    <subfield code="y">BB</subfield>
  </datafield>
  <datafield tag="952" ind1=" " ind2=" ">
    <subfield code="0">0</subfield>
    <subfield code="1">0</subfield>
    <subfield code="2">ddc</subfield>
    <subfield code="4">0</subfield>
    <subfield code="7">0</subfield>
    <subfield code="8">Alef-Baa</subfield>
    <subfield code="a">MAIN</subfield>
    <subfield code="b">MAIN</subfield>
    <subfield code="c">LOW</subfield>
    <subfield code="d">2010-08-08</subfield>
    <subfield code="e">purchase</subfield>
    <subfield code="o">214.2 &#x634; &#x627; &#x645;</subfield>
    <subfield code="p">000021503</subfield>
    <subfield code="r">2025-07-15 00:00:00</subfield>
    <subfield code="y">BB</subfield>
  </datafield>
</record>
